Álgebra desde una perspectiva geométrica
Este libro presenta una propuesta didáctica que toma como referente el álgebra geométrica griega, en el se trabaja desde la modelación geométrica el paso de aritmética al álgebra en un esquema totalmente innovador.
Sábháilte in:
| Príomhchruthaitheoir: | |
|---|---|
| Formáid: | LEABHAR |
| Teanga: | Spanish |
| Foilsithe / Cruthaithe: |
Bogotá:
UNC,1998
|
| Sraith: | Material didáctico
|
| Ábhair: | |
| Rochtain ar líne: | Enlace del recurso |
| Clibeanna: |
Cuir clib leis
Níl clibeanna ann, Bí ar an gcéad duine le clib a chur leis an taifead seo!
|
MARC
| LEADER | 00000nam a2200000 a 4500 | ||
|---|---|---|---|
| 001 | 001351 | ||
| 008 | 030813s1998 ck a fr# #000|0#spa#d | ||
| 020 | |a 958-96166-2-3 | ||
| 041 | 0 | |a spa | |
| 043 | |a s-ck--- | ||
| 082 | 0 | 4 | |a 516.35 |b P262a |
| 100 | 1 | |a Peréz de Díaz, María Cristina | |
| 245 | 1 | 0 | |a Álgebra desde una perspectiva geométrica |c María Cristina Peréz de Díaz |
| 260 | |a Bogotá: |b UNC,1998 | ||
| 300 | |a 162 p.: |b il., gráf. | ||
| 440 | 0 | |a Material didáctico | |
| 504 | |a Incluye bibliografía. | ||
| 520 | 3 | |a Este libro presenta una propuesta didáctica que toma como referente el álgebra geométrica griega, en el se trabaja desde la modelación geométrica el paso de aritmética al álgebra en un esquema totalmente innovador. | |
| 650 | 1 | 4 | |a GEOMETRÍA ALGEBRÁICA |
| 650 | 1 | 4 | |a ENSEÑANZA DE LA GEOMETRÍA |
| 999 | |c 3503 |d 3503 | ||
| 856 | |u https://catalogo.idep.edu.co/cgi-bin/koha/opac-detail.pl?biblionumber=3503 |z Enlace del recurso | ||